|
|
|
|
| LEADER |
01044nam a2200277 a 4500 |
| 001 |
3959689 |
| 008 |
100110s1995 caua b 001 0 eng d |
| 010 |
|
|
|a 94014570
|
| 020 |
|
|
|a 053424954X
|
| 040 |
|
|
|a DLC
|c DLC
|d DLC
|d BD-DhAAL
|
| 082 |
0 |
0 |
|a 301/.09
|2 20
|
| 100 |
1 |
|
|a Turner, Jonathan H.
|
| 245 |
1 |
4 |
|a The emergence of sociological theory /
|c Jonathan H. Turner, Leonard Beeghley, Charles H. Powers.
|
| 250 |
|
|
|a 3rd ed.
|
| 260 |
|
|
|a Belmont, Calif. :
|b Wadsworth Pub. Co.,
|c c1995.
|
| 300 |
|
|
|a xxii, 474 p. :
|b ill. ;
|c 24 cm.
|
| 504 |
|
|
|a Includes bibliographical references and indexes.
|
| 541 |
1 |
|
|e 00009709
|
| 650 |
|
0 |
|a Sociology
|x History.
|
| 650 |
|
0 |
|a Sociology
|z United States
|x History.
|
| 700 |
1 |
|
|a Beeghley, Leonard.
|
| 700 |
1 |
|
|a Powers, Charles H.
|
| 740 |
0 |
|
|a Sociological theory.
|
| 852 |
4 |
|
|a Ayesha Abed Library
|j General Shelf.
|
| 999 |
|
|
|c 6849
|d 6849
|
| 952 |
|
|
|0 0
|1 0
|2 ddc
|4 0
|6 301_090000000000000_TUR_1995
|7 0
|9 7060
|a BRACUL
|b BRACUL
|c GEN
|d 2010-01-11
|l 2
|m 4
|o 301.09 TUR
|p 3010009709
|r 2016-01-19
|s 2014-09-04
|t 1
|w 2010-01-11
|y BK
|